Complex variables and the Laplace transform for engineers (Record no. 13856)

000 -LEADER
fixed length control field 00606nam a22002051 4500
001 - CONTROL NUMBER
control field 13856
003 - CONTROL NUMBER IDENTIFIER
control field BD-DhUET
008 - FIXED-LENGTH DATA ELEMENTS--GENERAL INFORMATION
fixed length control field 840622s1961 nyua b 000 0 eng
040 ## - CATALOGING SOURCE
Original cataloging agency DLC
Transcribing agency DLC
Modifying agency BD-DhUET
082 00 - DEWEY DECIMAL CLASSIFICATION NUMBER
Classification number 517.862
Item number LEP/1961
100 ## - MAIN ENTRY--PERSONAL NAME
Personal name LePage, Wilbur R.
245 10 - TITLE STATEMENT
Title Complex variables and the Laplace transform for engineers
250 ## - EDITION STATEMENT
Edition statement 1st ed.
260 ## - PUBLICATION, DISTRIBUTION, ETC. (IMPRINT)
Place of publication, distribution, etc. Bombay
Name of publisher, distributor, etc. McGraw-Hill
Date of publication, distribution, etc. 1961
300 ## - PHYSICAL DESCRIPTION
Extent xvi, 475 p.
Other physical details ill.
Dimensions 24 cm.
490 ## - SERIES STATEMENT
Series statement International series in pure and applied mathematics
504 ## - BIBLIOGRAPHY, ETC. NOTE
Bibliography, etc Includes bibliographies
650 #0 - SUBJECT ADDED ENTRY--TOPICAL TERM
Topical term or geographic name as entry element Calculus - Complex variables
942 ## - ADDED ENTRY ELEMENTS (KOHA)
Koha item type General Book
Holdings
Shelving location Koha normalized classification for sorting Not for loan Piece designation (barcode) Damaged status Location (home branch) Date acquired Koha date last seen Lost status Price effective from Koha item type Copy number Withdrawn status Sublocation or collection (holding branch) Koha full call number Source of classification or shelving scheme
Circulation section517_862000000000000_LEP_1961 40116 Central Library, BUET2015-03-052015-03-05 2015-03-05General Book1 Central Library, BUET517.862/LEP/1961 
Circulation section517_862000000000000_LEP_1961 24385 Central Library, BUET2015-03-052015-03-05 2015-03-05General Book2 Central Library, BUET517.862/LEP/1961 
Circulation section517_862000000000000_LEP_1961 6374 Central Library, BUET2015-03-072015-03-07 2015-03-07General Book3 Central Library, BUET517.862/LEP/1961 
Circulation section517_862000000000000_LEP_1961 51027 Central Library, BUET2015-03-072015-03-07 2015-03-07General Book4 Central Library, BUET517.862/LEP/1961 
Circulation section517_862000000000000_LEP_1961 20963 Central Library, BUET2015-03-072015-03-07 2015-03-07General Book5 Central Library, BUET517.862/LEP/1961 
Circulation section517_862000000000000_LEP_1961 42659 Central Library, BUET2015-03-072015-03-07 2015-03-07General Book6 Central Library, BUET517.862/LEP/1961 
Circulation section517_862000000000000_LEP_1961 40115 Central Library, BUET2015-03-072015-03-07 2015-03-07General Book7 Central Library, BUET517.862/LEP/1961 
Circulation section517_862000000000000_LEP_1961 39671 Central Library, BUET2015-03-072015-03-07 2015-03-07General Book8 Central Library, BUET517.862/LEP/1961 
Circulation section517_862000000000000_LEP_1961 39670 Central Library, BUET2015-03-072015-03-07 2015-03-07General Book9 Central Library, BUET517.862/LEP/1961 
Circulation section517_862000000000000_LEP_1961 42660 Central Library, BUET2015-03-072015-03-07 2015-03-07General Book10 Central Library, BUET517.862/LEP/1961 
Circulation section517_862000000000000_LEP_1961 42661 Central Library, BUET2015-03-092015-03-09 2015-03-09General Book11 Central Library, BUET517.862/LEP/1961 
Circulation section517_862000000000000_LEP_1961 51026 Central Library, BUET2015-03-092015-03-09 2015-03-09General Book12 Central Library, BUET517.862/LEP/1961 
Circulation section517_862000000000000_LEP_1961 2039 Central Library, BUET2015-05-032015-05-03 2015-05-03General Book13 Central Library, BUET517.862/LEP/1961 
Circulation section517_862000000000000_LEP_1961 6375 Central Library, BUET2015-05-032015-05-03 2015-05-03General Book14 Central Library, BUET517.862/LEP/1961 
Circulation section517_862000000000000_LEP_1961 2041 Central Library, BUET2015-05-032015-05-03 2015-05-03General Book15 Central Library, BUET517.862/LEP/1961 
Circulation section517_862000000000000_LEP_1961 2040 Central Library, BUET2015-05-032015-05-03 2015-05-03General Book16 Central Library, BUET517.862/LEP/1961